02505nam a2200313uu 4500001000800000005001700008007001000025008004100035035001200076040001300088041000800101080000600109100005200115245017500167260003900342300001700381520139900398650003901797650003901836650003801875650002801913700005701941700008001998856006102078942001302139999001902152502001202171526000802183152913720240824090105.0cr|||||||190705s2018 spa  a1529137 ccomduadb aspa aM10aRestrepo Carmona, Estefanía4auteaut978960910aRepresentaciones sociales sobre muerte en niños y niñas entre 6 y 8 años pertenencientes a la Institución Educativa Rafael Uribe Uribe del municipio de Medellín aMedellín :bAutores (as),c2018. a62 páginas3 aLa presente investigación es el resultado de un proceso de indagación realizado en el marco de la Práctica Pedagógica del Programa de la Licenciatura en Pedagogía Infantil de la Universidad de Antioquia, cuyo objetivo fue identificar las representaciones sociales sobre muerte de un grupo de 37 niños y niñas entre los 6 y 8 años pertenecientes al grado primero de primaria de la Institución Educativa Rafael Uribe Uribe del municipio de Medellín. Se fundamentó en una metodología cualitativa con paradigma hermenéutico; las técnicas de generación de información componen el método mosaico. Para el análisis de la información se realizó una codificación y categorización para conocer puntos en común y particularidades que permitieron no solo identificar en las producciones de los niños y niñas sus representaciones sino también su análisis. En los hallazgos mostramos cómo la mayoría de los niños y las niñas participantes de la investigación tienen interiorizados algunos de los componentes atribuidos a la noción de muerte -universalidad, inevitabilidad, irreversibilidad, causalidad-; además encontramos que sus representaciones estuvieron vinculadas a sentimientos y emociones, ritos, mitos, símbolos y creencias religiosas articuladas a lo que la familia, las TICS, y la cultura les han transmitido sobre la muerte. 7aActitud ante la muerte2dcs949921 7aActitud ante la muerte2dcs949921 aMuerte - Aspectos sociales972525 aNiños y muerte91655610aVargas López, Verónica Marcela4auteaut9788339 0aPalacio Baena, Ángela InéscMagíster en Educación4thseths92540904 uhttps://bibliotecadigital.udea.edu.co/handle/10495/19799 cTESISn0 c803777d803777 b146c15 a148